Sports Quiz

Random Sports Quiz

Batting and Pitching Nemeses - Hard Quiz Stats

 Plays Quiz not verified by Sporcle

Also try: Sports by Emoji
Challenge
Share
Tweet
Embed
Score 0/60 Timer 08:00
0 Plays Today
% Correct
Banks, Aaron, F. Robinson, F. Alou - 7 HR
84%
Willie Mays - 223 AB, 18 HR, 40 RBI
78%
Billy Williams - 201 PA, .259/.343/.489
76%
Billy Williams - 174 AB, 10 HR, 31 RBI
76%
Greg Maddux - 107 PA, .415/.476/.521
76%
Bob Gibson - 125 AB, 32 K, .208
74%
Nolan Ryan - 63 AB, 9 K, .302
72%
Pete Rose - 158 PA, .286/.335/.429
68%
Randy Johnson - 61 AB, 30 K, .115
68%
Randy Johnson - 43 AB, 18 K, .233
68%
Barry Bonds - 157 PA, .265/.376/.508
62%
Sandy Koufax, Fergie Jenkins - 6 HR
60%
Palmeiro, E. Martinez, Huff - 2 HR
58%
Manny Ramirez - 53 PA, .234/.302/.319
56%
Manny Ramirez - 47 AB, 15 K, .234
56%
Don Drysdale - 172 PA, .361/.384/.446
56%
Pedro Martinez - 107 AB, 29 K, .271
56%
Phil Niekro - 200 PA, .276/.377/.382
52%
George Brett - 115 PA, .287/.374/.366
48%
Willie Stargell - 131 AB, 41 K, .290
48%
Bert Blyleven - 140 PA, .214/.264/.397
46%
Don Sutton - 164 AB, 7 HR, 15 RBI
46%
Bert Blyleven - 131 AB, 49 K .214
46%
Don Sutton - 164 AB, 25 K, .226
46%
Tim Wakefield - 127 PA, .277/.315/.395
44%
Mike Mussina - 96 PA, .366/.458/.805
40%
Mike Mussina - 82 AB, 9 HR, 21 RBI
40%
Jim Thome - 62 AB, 8 HR, 19 RBI
38%
Tony Perez - 119 AB, 44 K, .210
36%
Robin Yount - 89 PA, .241/.263/.373
36%
% Correct
Robin Roberts - 247 PA, .301/.353/.623
34%
Robin Roberts - 228 AB, 18 HR, 45 RBI
34%
Chili Davis - 84 AB, 30 K, .262
30%
Jim Kaat - 112 AB, 10 HR, 24 RBI
26%
Roy Oswalt - 96 PA, .326/.375/.629
24%
Roy Oswalt - 89 AB, 7 HR, 17 RBI
24%
Wilbur Wood - 101 AB, 8 HR, 18 RBI
24%
Will Clark - 36 AB, 6 HR, 11 RBI
22%
Luis Gonzalez - 123 AB, 10 HR, 23 RBI
22%
Nellie Fox - 201 PA, .212/.268/.234
22%
Harold Baines - 126 PA, .303/.397/.385
14%
Frank Tanana - 117 PA, .350/.427/.767
12%
Frank Tanana - 103 AB, 11 HR, 18 RBI
12%
Sam McDowell - 88 AB, 19 K, .273
12%
Graig Nettles, Ben Oglivie - 6 HR
10%
Jim Lemon - 101 AB, 27 K, .228
8%
Jim Lemon - 101 AB, 7 HR, 17 RBI
8%
Ben Sheets - 72 AB, 14 K, .361
8%
Camilo Pascual - 137 PA, 279./348/.451
6%
Bob Friend - 203 AB, 31 K, .301
6%
Claudell Washington - 90 AB, 39 K, .144
4%
Lance Parrish - 52 AB, 19 K, .212
4%
Dick Groat - 145 PA, .180/.236/.264
2%
Vada Pinson - 118 AB, 34 K, .288
2%
Tom Browning - 86 AB, 4 HR, 9 RBI
2%
Ray Lankford - 109 PA, 33 K, .266
0%
Rick Monday - 86 AB, 11 HR, 17 RBI
0%
Stan Musial - 260 PA, .323/.417/.556
0%
Wes Westrum - 80 AB, 27 K, .250
0%
Sidney Ponson - 81 AB, 5 HR, 13 RBI
0%

You're not logged in!

Compare scores with friends on all Sporcle quizzes.
OR
Log In

You Might Also Like...

Show Comments

Extras

Top Quizzes Today


Score Distribution

Your Account Isn't Verified!

In order to create a playlist on Sporcle, you need to verify the email address you used during registration. Go to your Sporcle Settings to finish the process.

Report this User

Report this user for behavior that violates our Community Guidelines.

Details: